Integration of cloud computing with Internet of things : foundations, analytics, and applications /

"The book aims to integrate the aspects of IoT, Cloud computing and data analytics from diversified perspectives. The book also plans to discuss the recent research trends and advanced topics in the field which will be of interest to academicians and researchers working in this area. Thus, the...

Full description

Bibliographic Details
Other Authors: Mangla, Monika (Editor), Satpathy, Suneeta (Editor), Nayak, Bhagirathi, 1963- (Editor), Mohanty, Sachi Nandan (Editor)
Format: eBook
Language:English
Published: Hoboken, NJ : John Wiley & Sons, Inc., 2021.
Subjects:
Online Access:Connect to the full text of this electronic book

MARC

Tag First Indicator Second Indicator Subfields
LEADER 00000nam a2200000 i 4500
001 in00004687713
006 m o d
007 cr |||||||||||
008 210219t20212021njua ob 001 0 eng
005 20260214213156.3
010 |a  2021006664 
020 |a 9781119769309  |q electronic book 
020 |a 1119769302  |q electronic book 
020 |a 9781119769316  |q electronic book 
020 |a 1119769310  |q electronic book 
020 |a 9781119769323  |q electronic book 
020 |a 1119769329  |q electronic book 
020 |z 9781119768876  |q hardcover 
020 |z 111976887X  |q hardcover 
035 |a wil6007436 
035 |a (DLC)wil6007436 
040 |a DLC  |b eng  |e rda  |c DLC 
042 |a pcc 
050 0 4 |a QA76.585  |b .I53 2021 
082 0 0 |a 004.67/82  |2 23 
245 0 0 |a Integration of cloud computing with Internet of things :  |b foundations, analytics, and applications /  |c edited by Monika Mangla, Suneeta Satpathy, Bhagirathi Nayak and Sachi Nandan Mohanty. 
264 1 |a Hoboken, NJ :  |b John Wiley & Sons, Inc.,  |c 2021. 
264 4 |c ©2021 
300 |a 1 online resource :  |b illustrations (some color) 
336 |a text  |b txt  |2 rdacontent 
337 |a computer  |b c  |2 rdamedia 
338 |a online resource  |b cr  |2 rdacarrier 
504 |a Includes bibliographical references and index. 
520 |a "The book aims to integrate the aspects of IoT, Cloud computing and data analytics from diversified perspectives. The book also plans to discuss the recent research trends and advanced topics in the field which will be of interest to academicians and researchers working in this area. Thus, the book intends to help its readers to understand and explore the spectrum of applications of IoT, cloud computing and data analytics. Here, it is also worth mentioning that the book is believed to draw attention on the applications of said technology in various disciplines in order to obtain enhanced understanding of the readers. Also, this book focuses on the researches and challenges in the domain of IoT, Cloud computing and Data analytics from perspectives of various stakeholders."--  |c Provided by publisher. 
588 |a Description based on online resource; title from digital title page (viewed on April 12, 2022). 
650 0 |a Cloud computing. 
650 0 |a Internet of things. 
655 4 |a Electronic books. 
700 1 |a Mangla, Monika,  |e editor. 
700 1 |a Satpathy, Suneeta,  |e editor. 
700 1 |a Nayak, Bhagirathi,  |d 1963-  |e editor. 
700 1 |a Mohanty, Sachi Nandan,  |e editor. 
776 0 8 |i Print version:  |t Integration of cloud computing with Internet of things  |d Hoboken, NJ : Wiley-Scrivener, 2021.  |z 9781119768876  |w (DLC) 2021006663 
856 4 0 |u http://proxy.library.tamu.edu/login?url=https://onlinelibrary.wiley.com/book/10.1002/9781119769323  |z Connect to the full text of this electronic book  |t 0 
955 |a Wiley EBA record 
975 |p Wiley UBCM Full Collection 2026 
999 f f |s 61889348-8523-4a93-bec5-eb36e2ad16e3  |i ad517769-93f6-4702-b20c-fffb76e6e966  |t 0 
952 f f |a Texas A&M University  |b College Station  |c Electronic Resources  |s evans_pda  |d Available Online  |t 0  |e QA76.585 .I53 2021  |h Library of Congress classification 
998 f f |a QA76.585 .I53 2021  |t 0  |l Available Online